00337nam a2200133Ia 4500003000400000008004100004020002700045040000800072100002500080245004600105260002500151300001500176365001200191LDD181029s9999 xx 000 0 und d a9781844650477cP 16.99 cLDD aHatzimoysis, Anthony 0aPhilosophy of sartrecAnthony Hatzimoysis aDurhambAcumanc2011 axiii, 142p bP 16.99